000 01383aas a2200229 4500
999 _c53754
_d53754
001 768714001
003 CO-MdFUSB
005 20171107163054.0
008 170728s1997 xxu||||| |||| 00| 0 eng d
022 _aCO-MdFUSB
040 _a0098-9444
_bspa
_cCO-MdFUSB
_dCO-MdFUSB
041 _aeng
100 1 _aLehrer-Jacobson, Gusta
_e28 cm.
242 _a¡Falso! Las muchas facetas del arte del falsificador
245 0 _aFake! The many facets of the forger's art
_c/ Gusta Lehrer-Jacobson
300 _aVolumen 23. Número 2 (1997), páginas 36-67
_c: 28 cm.
520 _aMientras las personas han estado elaborando hermosos y valiosos objetos, otros han estado ocupados creando falsificaciones de estos mismos objetos. Esta guía a través del nefasto pero altamente inventivo mundo de las falsificaciones resalta las muchas técnicas preferidas por los falsificadores, y las herramientas igualmente ingeniosas utilizadas para desenmascararlas. Una barra lateral explica cómo los falsificadores reducen involuntariamente el saqueo de sitios y advierte a quienes no están familiarizados con las formas en que los falsificadores se cuidan del mercado de antigüedades.
546 _aTexto en inglés
650 7 _9403
_aExcavaciones arqueológicas
773 0 _tBiblical Archaeology Review
_049395
_959491
_gVolumen 23. Número 2 (1997), páginas 36-67
_qPágina 36
942 _cANA